000 00735nam a2200277Ia 4500
003 OSt
005 20220912151321.0
006 a|||||r|||| 00| 0
007 ta
008 220909b |||||||| |||| 00| 0 eng d
020 _a047195537X (pbk)
024 _a5175
037 _bR B C,
037 _cTextual
040 _aCSL
_beng
_cCSL
041 _aeng
082 _aI0aY73, N6
100 _aCotton C M
245 0 _aEthnobotany: principles and applications
260 _aChichester
_bJohn Wiley Sons
_c1996
300 _aix,424p
500 _aBibliography 375-399p; Index 402-424p
650 _aBotanyirt Ethnology
942 _hI0aY73, N6
_cTEXL
_2CC
999 _c65866
_d65866